01521nam a2200205Ia 4500001001300000003001000013005001700023008004100040040002500081041000700106100003400113245007700147260003000224300001200254500016900266520068900435650001701124654001101141700016301152b6778-48809 IT-MiCISF20240523114927.0161014s9999||||xx |||||||||||||| ||und|| aIT-MiCISFcIT-MiCISF ait aRecalcati Massimo (a cura di) 0aIl soggetto vuoto.bClinica psicoanalitica delle nuove forme del sintomo a Trento,bErickson,c2011 app. 269 aterapia, disturbi-alimentazione, salute-mentale, tossicodipenza, dipendenza-patologica, psicoanalisi, adolescenza, scuola, separazione, psichiatria, salute-mentale  aIn questo libro si indagano le forme contemporanee del disagio della società: anoressie, dipendenze patologiche, bulimie, tossicomanie, depressioni e attacchi di panico. Si tratta di fenomeni di natura epidemica, che impongono una nuova psicologia delle masse e un nuovo ritratto della nozione stessa di sintomo. In questo libro il lettore troverà brani scelti di insegnamento su questi temi. Il suo stile chiaro e "parlato" e la sua impostazione non solo psicopatologica ma aperta a una riflessione più ampia sulla natura dei legami sociali lo connotano come uno strumento utile per tutti coloro che vogliano avere una comprensione più critica e consapevole del nostro tempo. aTerapiae001 asaggio aCastrillejo M., Lolli F., Zuccardi Merli U., Gottardis P., Giglio F., Ranieri N.,a Pozzetti R., Rodriguez M.T., Bani S., Prandini O., Mierolo G., Oggioni C.